Top 100 Largest Airports in Europe - Statistics

General Stats
  • This quiz has been taken 625 times
    492 since last reset
  • The average score is 78 of 100
Answer Stats
Hint Answer % Correct
UK London
100%
France Paris
100%
Spain Barcelona
99%
Spain Madrid
99%
Netherlands Amsterdam
98%
Russia Moscow
98%
Italy Rome
98%
Germany Frankfurt
97%
Turkey Istanbul
97%
Portugal Lisbon
97%
Germany Munich
97%
Austria Vienna
97%
Germany Berlin
96%
Denmark Copenhagen
96%
UK Manchester
96%
Norway Oslo
96%
Switzerland Zurich
96%
Belgium Brussels
95%
Sweden Stockholm
95%
Greece Athens
94%
Finland Helsinki
94%
Italy Milan
94%
Poland Warsaw
94%
Hungary Budapest
93%
Czech Republic Prague
93%
Russia St. Petersburg
93%
Ukraine Kiev
92%
Romaina Bucharest
90%
Germany Hamburg
90%
Portugal Porto
90%
France Lyon
88%
UK Edinburgh
87%
Switzerland Geneva
87%
UK Birmingham
86%
Ireland Dublin
86%
UK Glasgow
86%
France Nice
86%
France Marseille
85%
France Naples
85%
Germany Dusseldorf
84%
Latvia Riga
84%
Spain Valencia
83%
Italy Venice
83%
Poland Krakow
82%
Luxembourg Luxembourg
82%
Spain Malaga
82%
Spain Seville
82%
Iceland Reykjavík
81%
Bulgaria Sofia
81%
UK Liverpool
78%
Spain Palma de Mallorca
78%
Belarus Minsk
77%
Germany Stuttgart
77%
Spain Bilbao
74%
France Bordeaux
73%
Spain Palermo
73%
Serbia Belgrade
72%
Lithuania Vilnius
72%
UK Belfast
71%
Switzerland Basel
69%
Norway Bergen
69%
France Toulouse
69%
Greece Thessaloniki
68%
Poland Gdansk
67%
Sweden Gothenburg
67%
Spain Alicante
66%
Germany Hanover
62%
UK Bristol
59%
UK Newcastle
59%
Netherlands Eindhoven
58%
France Nantes
57%
Spain Ibiza
55%
Italy Bari
54%
Portugal Faro
54%
Malta Malta
54%
Greece Heraklion
53%
Spain Catania
51%
Norway Trondheim
49%
Poland Katowice
47%
Belgium Charleroi
45%
Italy Pisa
45%
Germany Colonge/Bonn
44%
Greece Rhodes
42%
Russia Cagliari
41%
UK Nottingham
29%
Russia Krasnodar
18%
Ukraine Simferopol
11%
Italy Bolonga
3%
No matching quizzes found
Score Distribution
Percent of People with Each Score
Percentile by Number Answered
Your Score History
You have not taken this quiz since the last reset